000 00641cam a22002411 4500
001 23174
003 BD-RjUL
005 20211209000912.0
008 140310t1967 pk a 000 0 eng
035 _a(BD-RjUL)23239
040 _aDLC
_cDLC
_dDLC
_dBD-RjUL
_beng
041 _aeng
082 0 0 _a910.4
_bSHH 1967
100 1 _aShamsuzzoha, A. B.,
_d1891-
_971434
245 1 0 _aHistory recollected /
_c[by] A. B. Shamsuzzoha.
260 _aDacca :
_bAl-siddique,
_c1967.
300 _aiii, 2, 97 p. ;
_c22 cm.
350 _aRs3
650 0 _aVoyages and travels.
_971435
942 _2ddc
_cBK
999 _c23174
_d23174